| 000 | 00401nam a2200169Ia 4500 | ||
|---|---|---|---|
| 100 | _aDwivedi/Himanshu/ Clark/Chris | ||
| 650 | _aMobile application | ||
| 942 | _cBK | ||
| 366 | _f25 | ||
| 654 | _amobile application | ||
| 245 | _aMobile Application Security | ||
| 260 |
_bTata Mc Graw hill Ltd. _c2010 |
||
| 082 |
_a621.382 _bDWI |
||
| 300 | _a408 | ||
| 546 |
_aENGLISH _cComputers |
||
| 999 |
_c31540 _d31540 |
||